| 000 | 00799cam a2200277 a 4500 | ||
|---|---|---|---|
| 001 | 58495 | ||
| 003 | CO-BoRNBP | ||
| 005 | 20250825151144.0 | ||
| 007 | ta | ||
| 008 | 051121s1991 ck gr 000 f spak | ||
| 020 | _a9580407371 | ||
| 040 |
_aCO-ArBCA _bspa _dCO-BoBN _c- |
||
| 082 | 0 | 4 |
_a863.64 _223 |
| 084 | _a- | ||
| 100 | 1 |
_aGarcía Domínguez, Ramón, _d1943- _963352 |
|
| 245 | 1 | 1 |
_a!Por todos los dioses...! / _cRamón García Dominguez |
| 250 | _a1a. edición | ||
| 300 | _a120 p. | ||
| 336 |
_2rdacontent _atexto _btxt |
||
| 337 |
_2rdamedia _asin mediación _bn |
||
| 338 |
_2rdacarrier _avolumen _bnc |
||
| 490 | 0 | _aTorre de papel. Torre amarilla | |
| 650 | 1 | 4 |
_aMitología griega _vNovela _2LEMB _963353 |
| 650 | 2 | 4 |
_aNovela juvenil española _ySiglo XX _2LEMB _961530 |
| 942 |
_2ddc _cBK |
||
| 999 |
_c58495 _d58495 |
||